| 000 | 01646nam a2200433Ii 4500 | ||
|---|---|---|---|
| 001 | DIGNOBUK173 | ||
| 003 | NyNyDIG | ||
| 006 | m o d | ||
| 007 | cr ||||||||||| | ||
| 008 | 220413s2010 ag o 000 0 spa d | ||
| 035 | _a(OCoLC)849482835 | ||
| 040 |
_aDGITA _beng _erda _epn _cDGITA |
||
| 020 |
_a9781449232795 _qeBook _qpdf |
||
| 020 | _z9789871716265 | ||
| 043 | _as-cl--- | ||
| 050 | 1 | 4 | _aLA561 ebook |
| 100 | 1 |
_aSarmiento, Domingo Faustino, _d1811-1888, _eauthor. |
|
| 245 | 1 | 0 |
_aDe la educación popular / _cDomingo Faustino Sarmiento. |
| 264 | 1 |
_aBuenos Aires : _bUniversidad de Palermo, _c[2010] |
|
| 300 | _a1 online resource. | ||
| 336 |
_atext _btxt _2rdacontent |
||
| 337 |
_acomputer _bc _2rdamedia |
||
| 338 |
_aonline resource _bcr _2rdacarrier |
||
| 347 |
_atext file _2rdaft |
||
| 347 | _bPDF | ||
| 490 | 1 | _aColección de educación superior | |
| 500 | _a"Cátedra UNESCO-ONU. "Historia y futuro de la Universidad" de la Universidad de Palermo" --Cover. | ||
| 588 | 0 | _aOnline resource; title from PDF title page (Digitalia, viewed April 13, 2022) | |
| 650 | 0 | _aEducation. | |
| 650 | 0 |
_aEducation _zChile. |
|
| 655 | 0 | _aElectronic books. | |
| 791 | 2 |
_aDigitalia (Firm), _edistributor. |
|
| 793 | 0 |
_gDigitalia eBook Collection: _aEditorial Nobuko |
|
| 776 | 0 | 8 |
_iPrint version: _aSarmiento, Domingo Faustino, 1811-1888. _tDe la educación popular. _dBuenos Aires : Universidad de Palermo, [2010] _z9789871716265 |
| 830 | 0 | _aColección de educación superior. | |
| 856 | 4 | 0 |
_3Digitalia Hispánica _uhttps://www.digitaliapublishing.com/a/34037/ |
| 910 | _aPremium collection: 2022 | ||
| 942 | _cRAA | ||
| 999 |
_c242183 _d242183 |
||